BIG 12 Football Champions - Statistics

General Stats
  • This quiz has been taken 27 times
  • The average score is 25 of 32
Answer Stats
Year Answer Playoff % Correct
2022 Kansas st No
91%
2024 Arizona st Yes
86%
2021 Baylor No
86%
1996 Texas No
86%
2023 Texas No
86%
2025 Texas Tech Yes
86%
2013 Baylor No
82%
2012 Kansas st No
82%
2012 Oklahoma No
82%
2016 Oklahoma Yes
82%
2011 Oklahoma st No
82%
1997 Nebraska Yes
77%
1999 Nebraska No
77%
2002 Oklahoma No
77%
2004 Oklahoma No
77%
2006 Oklahoma No
77%
2007 Oklahoma No
77%
2008 Oklahoma Yes
77%
2010 Oklahoma No
77%
2015 Oklahoma Yes
77%
2017 Oklahoma Yes
77%
2018 Oklahoma Yes
77%
2019 Oklahoma Yes
77%
2020 Oklahoma No
77%
2005 Texas Yes
77%
2009 Texas No
77%
1998 Texas A&M No
77%
2014 Baylor No
73%
2001 Colorado No
73%
2003 Kansas St No
73%
2000 Oklahoma Yes
73%
2014 TCU No
73%
No matching quizzes found
Score Distribution
Percent of People with Each Score
Percentile by Number Answered
Your Score History
You have not taken this quiz